Muzycy według zdjęć #2 - Statystyki

Ogólne statystyki
  • Ten quiz został rozwiązany 3 027 razy
  • Średni wynik to 11 z 20
Statystyki odpowiedzi
Obrazkowy Hint Odpowiedź % Poprawnych
ur. 1991 Ed Sheeran
89%
1935–1977 Elvis Presley
88%
1950-2017 Zbigniew Wodecki
83%
ur. 1986 Drake
81%
1946–1991 Freddie Mercury
80%
ur. 1972 Edyta Górniak
78%
ur. 1982 Nicki Minaj
76%
ur. 1995 Dua Lipa
70%
ur. 1994 Harry Styles
69%
1967–1994 Kurt Cobain
66%
1770–1827 Ludwig van Beethoven
61%
ur. 1968 Celine Dion
58%
ur. 1990 The Weeknd
52%
1935–2007 Luciano Pavarotti
40%
ur. 1982 Lil Wayne
32%
ur. 1978 John Legend
28%
ur. 1947 Carlos Santana
26%
1955–2020 Eddie Van Halen
13%
ur. 1943 Keith Richards
13%
ur. 1933 Willie Nelson
7%
Nie znaleziono quizów pasujących do podanych kryteriów
Rozkład punktacji
Procent ludzi z każdym wynikiem
Percentyl według liczby udzielonych odpowiedzi
Twoja historia wyników
Nie rozwiązałeś tego quizu